000 00527nam a2200193Ia 4500
001 23795
003 GE_BSU
008 181216s||||||||xx |||||||||||||| ||und||
040 _cGE_BSU
245 _aГенетика. Том 54, №7.Июль. 2018
245 _cГл. ред. Янковский
260 _aмосква
260 _c2018г
300 _a119с;28см;
653 _aГенетика. Том 54, №7.Июль. 2018
653 _aПериодика
653 _aპერიოდიკა
942 _cCR
999 _c56673
_d56673